Statistiques concernant Paroles Sirens call

Cliquez ici pour prendre le quiz!

Statistiques générales

  • Ce quiz a été pris 44 fois
  • Le résultat moyen est 96 sur 172

Statistiques - réponses

Answer % Correct
sirens
97%
I
95%
you
95%
The
92%
the
92%
so
84%
me
84%
to
76%
calling
70%
my
70%
This
68%
is
65%
away
65%
be
65%
and
65%
are
62%
much
59%
see
59%
more
57%
We
57%
If
54%
oh
54%
if
54%
In
51%
same
51%
can
49%
could
49%
nothing
46%
Nothing
46%
everyday
46%
without
46%
On
43%
sorry
43%
just
43%
all
41%
boat
41%
according
41%
into
41%
sing
41%
floating
41%
around
38%
why
38%
story
38%
live
38%
way
38%
carrying
38%
differently
35%
someone
35%
means
35%
hope
32%
Whatever
32%
plan
32%
face
32%
you're
30%
smile
30%
wonder
27%
even
27%
heading
22%
chewing
22%
while
19%
greedy
19%
falls
16%
wall
16%
sleep
16%
clearly
16%
shoals
14%
failing
8%

Distribution des résultats

Percentile par nombre de réponses

% des personnes avec chaque résultat

Votre développement - résultats

Vous n’avez pas pris ce quiz